01567nam a2200397 a 4500001001000000003000500010005001700015008004100032010001100073011001100084040000900095090001000104100003500114245013700149260004100286500006000327502007700387590004100464590004100505590004000546590004000586590004000626590004000666590004000706590004000746650003200786650003800818650002600856650004400882856007000926901000700996942001001003942000601013999001901019952013101038000115155CHAP20220329144519.0181031s2018 mx a sm |||||||spa d a111616 a112588 cCHAP aTesis1 aReyes Jacinto, Yamely.913608910aEnraizamiento de esquejes de crisantemo (Dendrathemum grandiflora T.) en un sistema cerradoh[En línea]cpor Yamely Reyes Jacinto. aChapingo, Méx. :bEl autor,c2018. aPara ver el contenido del material haga clic en la liga aTesis (Ing. Agr. Esp. en Fitotecnia) -- UACH. Departamento de Fitotecnia aBATCH-UPDb10c20190616lUCH01h1625 aE11695DGDb10c20190616lUCH01h1625 aE8697GMMb05c20181031lUCH01h1200 aE8697GMMb05c20181031lUCH01h1201 aE8697GMMb05c20181031lUCH01h1202 aE8697GMMb05c20181031lUCH01h1409 aE8697GMMb05c20181203lUCH01h0938 aE8697GMMb05c20190517lUCH01h132214aCrisantemoxHumedad.92895714aCrisantemoxPropagación.92896514aEnraizamiento.93701314aTemperaturaxEfecto en plantas.9112219 aFinding aiduhttp://10.13.5.2/tesis/sist115155.pdfzTeclea aquí aBK cTESIS n0 c111616d111616 00104054718TESISaBCbBCd2018-10-31fTESISl0oTesisp115163-10r2019-12-31 00:00:00w2019-12-31yTESISzRecien adquirido